000 00762cam a2200253 a 4500
001 1880692
003 ARRUPE
005 20220519115318.0
008 841212s1984 nyu b 000 0 eng
010 _a 83082019
020 _a0809125749 (pbk.) :
_c$10.95
040 _aDLC
_cDLC
_dDLC
050 0 0 _aBT75.2
_b.V53 1984
082 0 0 _a230/.2
_219
100 1 _aViladesau, Richard.
_951676
245 1 4 _aThe reason for our hope :
_ba theological anthropology /
_cRichard Viladesau.
260 _aNew York :
_bPaulist Press,
_cc1984.
300 _axii, 240 p. ;
_c23 cm.
504 _aBibliography: p. 207-240.
650 0 _aTheology, Doctrinal.
650 0 _aApologetics.
906 _a7
_bcbc
_corignew
_d3
_eopcn
_f19
_gy-gencatlg
942 _2lcc
_cMONOGRAPH
999 _c131462
_d131462